LEADER 00861cam0-2200325---450- 001 990005829780403321 005 20120925113025.0 010 $a0-333-55487-6 035 $a000582978 035 $aFED01000582978 035 $a(Aleph)000582978FED01 035 $a000582978 100 $a19990604d1994----km-y0itay50------ba 101 0 $aeng 102 $aGB 105 $a--------001yy 200 1 $aDoris Lessing$fMargaret Moan Rowe 210 $aHoundmills$cMacmillan$d1994 215 $aXII, 137 p.$d19 cm 225 1 $aWomen writers 610 0 $aLessing, Doris <1919-2013> 676 $a823.914 700 1$aRowe,$bMargaret Moan$0327316 801 0$aIT$bUNINA$gRICA$2UNIMARC 901 $aBK 912 $a990005829780403321 952 $a823.914 LESS/S 2$bDip.f.m.9436$fFLFBC 959 $aFLFBC 996 $aDoris Lessing$9566942 997 $aUNINA LEADER 01836oam 2200457M 450 001 9910716374103321 005 20200213070554.4 035 $a(CKB)5470000002520392 035 $a(OCoLC)1065897872 035 $a(OCoLC)995470000002520392 035 $a(EXLCZ)995470000002520392 100 $a20071213d1926 ua 0 101 0 $aeng 135 $aurcn||||||||| 181 $ctxt$2rdacontent 182 $cc$2rdamedia 183 $acr$2rdacarrier 200 10$aAuthorizing the Chippewa Indians of Minnesota to submit claims to the Court of Claims. March 20 (calendar day, March 22), 1926. -- Ordered to be printed 210 1$a[Washington, D.C.] :$c[U.S. Government Printing Office],$d1926. 215 $a1 online resource (4 pages) 225 1 $aSenate report / 69th Congress, 1st session. Senate ;$vno. 424 225 1 $a[United States congressional serial set ] ;$v[serial no. 8524] 300 $aBatch processed record: Metadata reviewed, not verified. Some fields updated by batch processes. 300 $aFDLP item number not assigned. 517 $aAuthorizing the Chippewa Indians of Minnesota to submit claims to the Court of Claims. March 20 606 $aIndians of North America$xClaims 606 $aJurisdiction 606 $aLegislative amendments 608 $aLegislative materials.$2lcgft 615 0$aIndians of North America$xClaims. 615 0$aJurisdiction. 615 0$aLegislative amendments. 701 $aHarreld$b John W$pRepublican (OK)$01386799 801 0$bWYU 801 1$bWYU 801 2$bOCLCO 801 2$bOCLCQ 906 $aBOOK 912 $a9910716374103321 996 $aAuthorizing the Chippewa Indians of Minnesota to submit claims to the Court of Claims. March 20 (calendar day, March 22), 1926. -- Ordered to be printed$93463485 997 $aUNINA LEADER 03638nam 22006492 450 001 9910790137303321 005 20151005020623.0 010 $a1-139-33428-X 010 $a1-107-22882-4 010 $a1-280-39404-8 010 $a9786613571960 010 $a1-139-33770-X 010 $a1-139-34015-8 010 $a1-139-33683-5 010 $a1-139-34173-1 010 $a1-139-33857-9 010 $a0-511-89487-2 035 $a(CKB)2670000000172027 035 $a(EBL)866901 035 $a(OCoLC)792684514 035 $a(SSID)ssj0000622519 035 $a(PQKBManifestationID)11388585 035 $a(PQKBTitleCode)TC0000622519 035 $a(PQKBWorkID)10642790 035 $a(PQKB)11285161 035 $a(UkCbUP)CR9780511894879 035 $a(MiAaPQ)EBC866901 035 $a(Au-PeEL)EBL866901 035 $a(CaPaEBR)ebr10558166 035 $a(CaONFJC)MIL357196 035 $a(EXLCZ)992670000000172027 100 $a20101119d2012|||| uy| 0 101 0 $aeng 135 $aur||||||||||| 181 $ctxt$2rdacontent 182 $cc$2rdamedia 183 $acr$2rdacarrier 200 00$aRe-imagining the trust $etrusts in civil law /$fedited by Lionel Smith$b[electronic resource] 210 1$aCambridge :$cCambridge University Press,$d2012. 215 $a1 online resource (vii, 284 pages) $cdigital, PDF file(s) 300 $aTitle from publisher's bibliographic system (viewed on 05 Oct 2015). 311 $a1-107-01132-9 320 $aIncludes bibliographical references and index. 327 $aIntroduction / Lionel Smith -- Reflections regarding the diversity of ways in which the trust has been received or adapted in civil law countries / Madeleine Cantin Cumyn -- Recognition of common law trusts in civil law jurisdictions under the Hague trusts convention with particular regard to the Italian experience / Michele Graziadei -- Express trusts in Israel/Palestine : a pluralist trusts regime and its history -- Adam Hofri-Winogradow -- Truth and reconciliation : notions of property in Louisiana's civil and trust codes / Michael McAuley -- Trust laws in China : history, ambiguity and beneficiary's rights / Lusina Ho -- The French fiducie, or the chaotic awakening of a sleeping beauty / Francois Barriere -- The re-imagined trust / Lionel Smith. 330 $aAlthough the trust is generally seen as a creation of the common law tradition, modern civilian systems are increasingly interested in incorporating the trust institution. This collection of essays explores multiple civilian experiences with the trust. The reform of Quebec's trust institution attracted worldwide attention in 1994. Louisiana's 1964 Trust Code stands in an uneasy relationship with its general law of property. Israel has had a fascinating pluralist experience of multiples trusts. The People's Republic of China passed a Trust Law in 2001 and the development of the trust in this important economy is a matter of great interest and some controversy. France adopted a trust in 2007, and in Italy, trusts can be created through the choice of foreign governing law, under the Hague Trusts Convention. The concluding chapter draws conclusions from all the essays and sets out challenges for future research in the comparative law of trusts. 606 $aTrusts and trustees 606 $aCivil law systems 615 0$aTrusts and trustees. 615 0$aCivil law systems. 676 $a346.05/9 702 $aSmith$b Lionel D. 801 0$bUkCbUP 801 1$bUkCbUP 906 $aBOOK 912 $a9910790137303321 996 $aRe-imagining the trust$93675826 997 $aUNINA